Conservación química de los alimentos: características, usos, efectos

Kaydedildi:
Detaylı Bibliyografya
Asıl Yazarlar: Lück, Erich (autor), Jager, Martin (Yazar)
Materyal Türü: Kitap
Dil:İspanyolca
Baskı/Yayın Bilgisi: Zaragoza Acribia 2000
Edisyon:2a. ed
Konular:
Etiketler: Etiketle
Etiket eklenmemiş, İlk siz ekleyin!

MARC

LEADER 00000cam a2200000 a 4500
001 UCH9077
003 CL-VaPUC
008 091224e20000000SP |||||||||||||||||spa|d
020 |a 9788420008982 
082 0 4 |a 664.028  |b LUC  |2 21 
100 |a Lück, Erich  |e autor  |9 545929 
700 0 |a Jager, Martin  |e author  |9 545930 
245 1 0 |a Conservación química de los alimentos: características, usos, efectos 
250 |a 2a. ed 
300 |a 324 p 
942 |c BK 
945 |d 20091224 00:00:00  |a rbrito 
260 |a Zaragoza  |b Acribia  |c 2000 
650 0 |a Conservación de alimentos  |9 370644 
650 7 |a TECNOLOGIA DE ALIMENTOS  |2 CL-VaPUC  |9 545931 
650 0 |a Aislamiento térmico  |9 262738 
650 7 |a HIGIENE  |2 CL-VaPUC  |9 545932 
650 7 |a SAL COMUN  |2 CL-VaPUC  |9 545933 
650 7 |a DIOXIDO DE CARBONO  |2 CL-VaPUC  |9 363790 
650 0 |a Nitratos  |9 368012 
583 |a last modification  |c 20161003 09:41:01  |k Rodrigo Vera 
999 |c 339141  |d 339139 
952 |0 0  |1 0  |4 0  |6 664_028000000000000_LUC_2000  |7 0  |8 A  |9 432603  |a BIBAGR  |b BIBAGR  |d 2019-11-22  |i 4628705  |o 664.028 LUC 2000  |p 4628705  |r 2025-01-20  |w 2019-11-22  |y BK  |k AGR